000 00585nam a2200217Ia 4500
003 OSt
005 20220928144857.0
006 a|||||r|||| 00| 0
007 ta
008 220927b |||||||| |||| 00| 0 eng d
024 _a76585
037 _cTextual
040 _aSDCL
_cSDCL
_beng
041 _2eng
_aeng
082 _aZjN01, L3
100 _aChandavarkar G L Ed.
_9510105
245 0 _aLaw, society and education
_b P B Gajendragadkar felicitation volume.
260 _c1973
942 _hZjN01, L3
_cTEXL
_2CC
999 _c830117
_d830117